Normal view
MARC view
Entry Topical Term
001 - CONTROL NUMBER
- control field: 8464
003 - CONTROL NUMBER IDENTIFIER
- control field: dpl
005 - DATE AND TIME OF LATEST TRANSACTION
- control field: 20100807132806.0
008 - FIXED-LENGTH DATA ELEMENTS
- fixed length control field: 100807|||a|||||| | ||| d
040 ## - CATALOGING SOURCE
- Original cataloging agency: dpl
- Transcribing agency: dpl
150 ## - HEADING--TOPICAL TERM
- Topical term or geographic name as entry element: Communication in marketing
670 ## - SOURCE DATA FOUND
- Source citation: Work cat.: (dpl)39593: Verma,Harsh V. 8463, Branding demystified :, 2010
670 ## - SOURCE DATA FOUND
- Source citation: Work cat.: (dpl)39593: Verma,Harsh V. 8463, Branding demystified :, 2010
